LEADER 01165nam 2200253la 450 001 9910482300103321 005 20221102160959.0 035 $a(UK-CbPIL)2090361038 035 $a(CKB)5500000000090171 035 $a(EXLCZ)995500000000090171 100 $a20221102d1589 uy | 101 0 $adut 135 $aurcn||||a|bb| 200 10$aDen kerstelicken ridder een seer prof?tel?ck boecxken, seer nut ende oorbaerl?ck wesende voor allen christen gheloouige menschen Eerst int Lat?n geschreuen door den hoochgeleerden doctoor, Erasmvs van Rotterdam 210 $aAmsterdam $cBarent Adriaensz Berentsma$d1589 215 $aOnline resource (95, [1] bl, 8°) 300 $aReproduction of original in Koninklijke Bibliotheek, Nationale bibliotheek van Nederland. 700 $aErasmus$b Desiderius$f1536.$0799747 801 0$bUk-CbPIL 801 1$bUk-CbPIL 906 $aBOOK 912 $a9910482300103321 996 $aDen kerstelicken ridder een seer prof?tel?ck boecxken, seer nut ende oorbaerl?ck wesende voor allen christen gheloouige menschen Eerst int Lat?n geschreuen door den hoochgeleerden doctoor, Erasmvs van Rotterdam$92186073 997 $aUNINA LEADER 00978nam0 2200277 i 450 001 996636971003316 005 20250110113630.0 010 $a978-88-288-6605-3 100 $a20240805d2024----||||0itac50 ba 101 $aita 102 $aIT 200 1 $a<> decreto attuativo della legge Gelli-Bianco$ecommento al D.M. 15 dicembre 2023, n. 232 (G.U. 1. marzo 2024, n. 51)$fMaurizio Hazan, Filippo Martini, Marco Rodolfi (a cura di) 210 1 $aMilano$cGiuffrè$d2024 215 $aVIII, 199 p.$d24 cm 606 0 $aSanitari$xResponsabilità$xLegislazione [:] Italia . Legge 2017 n. 24$2BNCF 676 $a344.45041 702 1$aMARTINI,$bFilippo$f<1964 - > 702 1$aHAZAN,$bMaurizio 702 1$aRODOLFI,$bMarco$f<1968 - > 801 0$aIT$bcba$bcba$gREICAT 912 $a996636971003316 951 $aXXIV.3.Q. 236$b97114 G.$cXXIV.3.Q.$d562311 959 $aBK 969 $aGIU 996 $aDecreto attuativo della legge Gelli-Bianco$94290352 997 $aUNISA